| 000 -LEADER |
| fixed length control field |
00597nam a2200157 4500 |
| 020 ## - INTERNATIONAL STANDARD BOOK NUMBER |
| ISBN |
9781786307941 (ebook) |
| 082 ## - DEWEY DECIMAL CLASSIFICATION NUMBER |
| Classification number |
352.3 |
| Item number |
D574 2023 |
| 245 ## - TITLE STATEMENT |
| Title |
Digital transformation and public policies / edited by Valérie Revest and Isabelle Liotard. |
| 260 ## - PUBLICATION, DISTRIBUTION, ETC. (IMPRINT) |
| Place of publication |
Hoboken : |
| Name of publisher |
ISTE Ltd, |
| -- |
John Wiley and Sons Inc, |
| Year of publication |
c2023 |
| 300 ## - PHYSICAL DESCRIPTION |
| Number of Pages |
1 electronic resource, xxvii, 164 pages : |
| Other physical details |
illustrations (some color) |
| 500 ## - GENERAL NOTE |
| General note |
includes bibliographic references and index. |
| 650 ## - SUBJECT ADDED ENTRY--TOPICAL TERM |
| Topical Term |
Public policies. |
| 700 ## - ADDED ENTRY--PERSONAL NAME |
| Personal name |
Revest, Valérie, editor. |
| 700 ## - ADDED ENTRY--PERSONAL NAME |
| Personal name |
Liotard, Isabelle, editor. |
| 942 ## - ADDED ENTRY ELEMENTS (KOHA) |
| Koha item type |
Electronic Books |